000
00204nam a22000977a 4500
082
_a
900/GAN
100
_a
Gandhi M.K
_9
65684
245
_a
My Experiments With Truth
650
_a
Autobiography
942
_c
BK
999
_c
67670
_d
67670